LE SSERAFIM Music Show Wins - Statistics

General Stats
  • This quiz has been taken 77 times
  • The average score is 12 of 15
Answer Stats
Hint Answer % Correct
CRAZY Yes
93%
HOT Yes
93%
EASY Yes
92%
FEARLESS Yes
92%
Burn the Bridge No
90%
ANTIFRAGILE Yes
90%
UNFORGIVEN Yes
90%
Perfect Night Yes
83%
Fire in the belly No
81%
Impurities No
76%
1800-hot-n-fun No
76%
Sour Grapes No
75%
EPBW Yes
69%
Come Over No
64%
SMART No
31%
No matching quizzes found
Score Distribution
Percent of People with Each Score
Percentile by Number Answered
Your Score History
You have not taken this quiz